000 01041 a2200229 4500
001 3384
005 20260407155428.0
008 260407a2007 arg spa d
003 AR-UNSa-BCEJYS
040 _aAR-UNSa-BCEJYS
_bspa
_cAR-UNSa-BCEJYS
080 _a349.2
_xDerecho del Trabajo
245 1 0 _aDerecho colectivo del trabajo
_pasociaciones sindicales. Convenios colectivos. Conflictos. Conciliación y arbitraje. Huelga
020 _a978-950-508-765-5
250 _a2a. ed.
264 1 _aBuenos Aires :
_bAstrea
_c2007
300 _axxxii, 547 p.
_c25 cm.
505 _a1. Introducción - 2. Derecho de las asociaciones sindicales de trabajadores - 3. Derecho de la negociación colectiva - 4. Derecho de los conflictos colectivos de trabajo - 5. La participación de los trabajadores en la empresa
942 _cBK
590 _aniveau_biblio:m niveau_hierar:0
100 1 _aEtala, Carlos Alberto
856 4 1 _uhttps://biblioeco.unsa.edu.ar/pmb/images/libros/Derecho Colectivo del Trabajo-l118286.jpg
_yImagen de portada
_qimage/jpeg
999 _c328
_d328